Central Library, Doon University
WEBOPAC (ONLINE PUBLIC ACCESS CATALOGUE)

Introduction to Biotechnology (Record no. 59513)

MARC details
000 -LEADER
fixed length control field 00501nam a22001937a 4500
005 - DATE & TIME
control field 20250320160040.0
008 - FIXED-LENGTH DATA ELEMENTS--GENERAL INFORMATION
fixed length control field 250320b |||||||| |||| 00| 0 eng d
020 ## - ISBN
International Standard Book Number 9789353945350
Price 1050.00
040 ## - CATALOGING SOURCE
Original cataloging agency Doon University
041 ## - Language
Language English
082 ## - DDC NUMBER
Classification number 660.6
Book Number THI
100 ## - MAIN ENTRY--PERSONAL NAME
Personal name Thieman, William J.
245 ## - TITLE STATEMENT
Title Introduction to Biotechnology
260 ## - PUBLICATION, DISTRIBUTION, ETC. (IMPRINT)
Place of publication, distribution, etc Noida
Name of publisher, distributor, etc Pearson
Date of publication, distribution, etc 2024
300 ## - PHYSICAL DESCRIPTION
Pages 385
650 ## - Subject
Subject Biological Science
700 ## - Added Entry Personal Name
Added Entry Personal Name Palladino, Michael A.
942 ## - ADDED ENTRY ELEMENTS (KOHA)
Koha item type Books
100 ## - MAIN ENTRY--PERSONAL NAME
-- 25414
650 ## - Subject
-- 14046
700 ## - Added Entry Personal Name
-- 15306
952 ## - LOCATION AND ITEM INFORMATION (KOHA)
-- 2025-03-20
952 ## - LOCATION AND ITEM INFORMATION (KOHA)
-- 2025-03-20
952 ## - LOCATION AND ITEM INFORMATION (KOHA)
-- 2025-03-20
952 ## - LOCATION AND ITEM INFORMATION (KOHA)
-- 2025-03-20
Holdings
Withdrawn status Lost status Source of classification or shelving scheme Damaged status Not for loan Location (home branch) Sublocation or collection (holding branch) Date acquired Koha issues (times borrowed) Koha full call number Accession No. Koha date last seen Koha item type
          Doon University Doon University 20.03.2025   660.6 THI 50459 20.03.2025 Books
          Doon University Doon University 20.03.2025   660.6 THI 50460 20.03.2025 Books
          Doon University Doon University 20.03.2025   660.6 THI 50461 20.03.2025 Books
          Doon University Doon University 20.03.2025   660.6 THI 50462 20.03.2025 Books
Contact : +91-135-2533126 (Library),+91-135-2533105 (Admin Office) , Email : doonlibrary@gmail.com

Powered by Koha